The high price of foodgrains: (Record no. 67168)

MARC details
000 -LEADER
fixed length control field 00652cam a22002411 4500
001 - CONTROL NUMBER
control field sa 66000274
003 - CONTROL NUMBER IDENTIFIER
control field DLC
005 - DATE AND TIME OF LATEST TRANSACTION
control field 20260227112214.0
008 - FIXED-LENGTH DATA ELEMENTS--GENERAL INFORMATION
fixed length control field 820628s1964 ii b 000 0 eng
010 ## - LIBRARY OF CONGRESS CONTROL NUMBER
LC control number sa 66000274
025 ## - OVERSEAS ACQUISITION NUMBER
Overseas acquisition number PL480:I-E-4425
035 ## - SYSTEM CONTROL NUMBER
System control number (OCoLC)8556723
040 ## - CATALOGING SOURCE
Original cataloging agency DLC
Transcribing agency ViU
Modifying agency DLC
042 ## - AUTHENTICATION CODE
Authentication code premarc
050 00 - LIBRARY OF CONGRESS CALL NUMBER
Classification number HD9046.I4
Item number A8
100 1# - MAIN ENTRY--PERSONAL NAME
Personal name Arokiaswami, M.
245 14 - TITLE STATEMENT
Title The high price of foodgrains:
Remainder of title causes and remedies,
Statement of responsibility, etc. by M. Arokiasmy.
260 ## - PUBLICATION, DISTRIBUTION, ETC.
Place of publication, distribution, etc. [Tiruchirapalli?]
Date of publication, distribution, etc. 1964.
300 ## - PHYSICAL DESCRIPTION
Extent 36 p.
Dimensions 19 cm.
504 ## - BIBLIOGRAPHY, ETC. NOTE
Bibliography, etc. note Bibliographical footnotes.
650 #0 - SUBJECT ADDED ENTRY--TOPICAL TERM
Topical term or geographic name entry element Grain trade
Geographic subdivision India.
650 #0 - SUBJECT ADDED ENTRY--TOPICAL TERM
Topical term or geographic name entry element Grain
General subdivision Prices.

No items available.

Powered by Koha